| 000 | 00836nam a22002057a 4500 | ||
|---|---|---|---|
| 999 |
_c11003 _d11003 |
||
| 003 | AR-CdUCM | ||
| 008 | 190402b ||||| |||| 00| 0 spa d | ||
| 040 |
_aMUNICIPALIDAD PROVINCIAL DEL CUSCO _cBIBLIOTECA MUNICIPAL DEL CUSCO |
||
| 082 |
_aES / 373.909 / _bC29 |
||
| 100 |
_aCastillo Morales, Juan _927854 |
||
| 245 |
_aHistoria universal 4 : _bEdad contemporánea II siglo XX / |
||
| 260 |
_aLima : _bEditorial Bruño. |
||
| 300 |
_a287 páginas ; _bFotografías, Ilustraciones, _c24 cm. |
||
| 505 | _aContenido: Edad contemporánea . Siglo XX. Visión contemporánea de la historia -- Europa y el resto del mundo al inicio del siglo XX -- Primera guerra mundial -- Las revoluciones... | ||
| 650 |
_aSegunda guerra mundial _93486 |
||
| 650 |
_aPolítica _9291 |
||
| 650 |
_aEconomía _9382 |
||
| 942 |
_2ddc _cLIBROS |
||
| 945 | _adavv | ||